000 00991nam a2200313Ia 4500
003 OSt
005 20221006155902.0
006 a|||||r|||| 00| 0
007 ta
008 221006b |||||||| |||| 00| 0 eng d
020 _a9780804759731
_c¥6615
024 _a43,745
037 _bGift, Japan Foundation
_cTextual
040 _aEASL
_cEASL
_beng
041 _2eng
_aeng
082 _aV42:19.N9, P9
100 _aFlowers Petrice R.
_9670788
245 0 _aRefugees, women, and weapons
_b International norm adoption and compliance in Japan
260 _aStanford
_bStanford University Press
_c2009
300 _a196p.
_ccm.
490 _v JEL
650 _a International law
650 _a International obligation
_9670789
650 _a International relations
650 _a Treaties
_9670790
650 _aJapan - Foreign relations
_940500
942 _hV42:19.N9, P9
_cTEXL
_2CC
999 _c1111837
_d1111837